Traite de Droit politique: electoral et parlementaire

-д хадгалсан:
Номзүйн дэлгэрэнгүй
Үндсэн зохиолч: Pierre, Eugene (Зохиогч)
Формат: Ном
Хэл сонгох:франц
Хэвлэсэн: París Editions Loysel 1989
Хэвлэл:1a. ed
Нөхцлүүд:
Шошгууд: Шошго нэмэх
Шошго байхгүй, Энэхүү баримтыг шошголох эхний хүн болох!

MARC

LEADER 00000cam a2200000 a 4500
001 UCC9933
003 CL-VaPUC
005 20220303074237.0
008 191122e19890000fr fre d
020 |a 2907679090 
082 0 4 |a 320.9  |b PIE  |2 21 
100 1 |a Pierre, Eugene  |e author  |9 605240 
245 1 0 |a Traite de Droit politique: electoral et parlementaire 
250 |a 1a. ed 
260 |a París  |b Editions Loysel  |c 1989 
300 |a 760 p 
583 |a last modification  |c 20191122 12:01:00  |k Rodrigo Vera 
650 0 0 |a Derecho político   |9 257756 
650 0 7 |a TEORIA POLITICA  |2 CL-VaPUC  |9 605241 
942 |c BK 
945 |a dcastane  |d 20191122 12:01:00 
999 |c 376220  |d 376218 
952 |0 0  |1 0  |3 erb  |4 0  |6 320_900000000000000_PIE_1989  |7 0  |8 A  |9 495526  |a BIBDER  |b BIBDER  |e Precht Pizarro, Jorge Enrique  |i 5610362  |o 320.9 PIE 1989  |p 5610362  |r 2023-01-25  |w 2020-01-06  |y BK  |z Catalogado en:20191122  |k DER